How to Finish Everything You Start (Record no. 12222)

MARC details
000 -LEADER
fixed length control field 00356nam a22001457a 4500
003 - CONTROL NUMBER IDENTIFIER
control field OSt
008 - FIXED-LENGTH DATA ELEMENTS--GENERAL INFORMATION
fixed length control field 240221b |||||||| |||| 00| 0 eng d
020 ## - INTERNATIONAL STANDARD BOOK NUMBER
International Standard Book Number 9789387944763
100 ## - MAIN ENTRY--PERSONAL NAME
Personal name YAGER,JAN
245 ## - TITLE STATEMENT
Title How to Finish Everything You Start
250 ## - EDITION STATEMENT
Edition statement 11th IMP
260 ## - PUBLICATION, DISTRIBUTION, ETC. (IMPRINT)
Place of publication, distribution, etc New Delhi
Name of publisher, distributor, etc Jaico Publishing House
Date of publication, distribution, etc 2024
300 ## - PHYSICAL DESCRIPTION
Extent 237
942 ## - ADDED ENTRY ELEMENTS (KOHA)
Source of classification or shelving scheme Dewey Decimal Classification
Koha item type Text Books
Holdings
Withdrawn status Lost status Source of classification or shelving scheme Damaged status Not for loan Collection code Home library Current library Date acquired Source of acquisition Currency Cost, normal purchase price Bill Number Total Checkouts Full call number Acc. no. / Barcode Date last seen Actual Cost, discounted price Bill Date Koha item type Date last borrowed
    Dewey Decimal Classification     GENERAL PIET C-LIBRARY PIET C-LIBRARY 08/02/2024 Zafaa Books and Distributors In rupees 399.00 ZBD0370   152.33 YOH 35487 21/02/2024 267.33 08/02/2024 Reference Books  
    Dewey Decimal Classification     GENERAL PIET C-LIBRARY PIET C-LIBRARY 08/02/2024 Zafaa Books and Distributors In rupees 399.00 ZBD0370 5 152.33 YOH 35488 22/04/2026 267.33 08/02/2024 Text Books 08/04/2026
    Dewey Decimal Classification     GENERAL PIET C-LIBRARY PIET C-LIBRARY 08/02/2024 Zafaa Books and Distributors In rupees 399.00 ZBD0370 3 152.33 YOH 35489 23/05/2024 267.33 08/02/2024 Text Books 08/05/2024
    Dewey Decimal Classification     GENERAL PIET C-LIBRARY PIET C-LIBRARY 08/02/2024 Zafaa Books and Distributors In rupees 399.00 ZBD0370 5 152.33 YOH 35490 04/11/2024 267.33 08/02/2024 Text Books 16/10/2024

Design & Developed by: PIET Central Library
R70 Miles Stone Pattikalyana Samalkha Panipat 132102
mail ID :- [email protected], Phone No:- 0180-2569700 Ex.216